Word Ladder: Beatles Albums Quiz Stats

 Plays Quiz Updated Sep 30, 2012

Support Sporcle.
Go Orange.
Score 0/26 Timer 03:00
0 Plays Today
Clue 4-Letter Word % Correct
Pig meatPORK
95.8%
Part of an eggYOLK
94.4%
Fictional spy JamesBOND
94.2%
Sneak a lookPEEK
92.5%
U2 frontmanBONO
91.7%
Element with symbol AuGOLD
90.4%
Advantage or fringe benefitPERK
89.6%
Home of a noble dukeYORK
89.5%
Retain possessionKEEP
89.1%
Album: A ____ Day's Night•HARD•
88.9%
Fearless before dangerBOLD
88.1%
Of sound mindSANE
87.9%
11th U.S. presidentPOLK
87.8%
Clue 4-Letter Word % Correct
Beatles album•HELP!•
87.5%
A type of seaweedKELP
87%
Spanish for bathroomBAÑO
83.8%
Batman villain introduced in 1993BANE
81.5%
Penguin or robin (not Batman)BIRD
79.7%
A tribal poetBARD
79.4%
Album: Beatles for ____•SALE•
76.7%
Extremely sensitive in perceptionKEEN
76.4%
Hammer partPEEN
74.3%
Gondola propellorPOLE
71.5%
To overlay with [above rung]GILD
66.8%
Unique flatfishSOLE
65.8%
Encircle with a bandGIRD
63.8%

Today's Daily Dose

You're not logged in!

Compare scores with friends on all Sporcle quizzes.
OR
Log In

From the Vault

Vowel-less Movie Titles VI

by joehs

Vowel-less movie titles are one thing, but just once we want to see a movie with vowel-less dialog. That'd be super artsy.
Remove Ads.
Support Sporcle.
Get the best of Sporcle when you Go Orange. This ad-free experience offers more features, more stats, and more fun while also helping to support Sporcle. Thank you for becoming a member.

Show Comments

Extras

Top Quizzes Today


Score Distribution

Your Account Isn't Verified!

In order to create a playlist on Sporcle, you need to verify the email address you used during registration. Go to your Sporcle Settings to finish the process.

Report this User

Report this user for behavior that violates our Community Guidelines.

Details: